00609nai a2200157Ia 4500003000900000008004100009022002300050040001600073245004600089260008600135310001400221362002500235521006900260650002900329856009300358IN-BaIIA211028c9999 xx s 000 0 eng d a2332-7790 (Online) cIIA Library 0aIEEE Transactions on Big Datah[eJournal] aNew York, USAbThe Institute of Electrical and Electronics Engineers, Inc. (IEEE) aQuarterly a1(1); 2015 - Present bSubscribed through National Knowledge Resource Consortium (NKRC) aComputing and Processing uhttps://ieeexplore.ieee.org/servlet/opac?punumber=6687317yClick Here to Access eJournal